| 000 | 00335nam a22001217a 4500 | ||
|---|---|---|---|
| 008 | 181127b xxu||||| |||| 00| 0 eng d | ||
| 041 | _aeng | ||
| 080 | _a043.3 | ||
| 100 | _a0 | ||
| 101 | _aBTH-SHKI | ||
| 245 |
_aPerformanca e makinave kerkuese duke perdorur Cloud sherbimet "Elasticsearch" dhe "Algolia" _cKorca, B |
||
| 942 |
_2udc _cBK |
||
| 999 |
_c52607 _d52607 |
||